000 00356nam a2200145Ia 4500
008 230312s9999||||xx |||||||||||||| ||und||
020 _a969-637-396-4
082 _a614.599
_bPER-B
100 _aPervez Akbar Khan
245 0 _aBasis of Pediatrics
260 _bParamount
_aPakistan
_c2018
300 _a722
650 _aMedical
_vPediatrics
942 _cBK
999 _c13366
_d13366